Statistics for Capitals Closest to Athens - One Minute Sprint

Click here to take the quiz!

General Stats

  • This quiz has been taken 72 times
  • The average score is 13 of 20

Answer Stats

kmcapitalmiles% Correct
527Sofia327
90%
818Ankara508
87%
1055Rome655
86%
490Skopje304
84%
502Tirana312
84%
809Belgrade502
83%
745Bucharest463
79%
915Nicosia568
76%
793Sarajevo493
71%
1083Zagreb673
71%
626Podgorica389
68%
565Pristina351
63%
1056Vatican City656
60%
1122Cairo697
59%
1126Budapest700
49%
1156San Marino718
49%
852Valletta529
48%
1124Tripoli698
40%
1089Chișinău677
35%
1153Beirut716
30%

Score Distribution

Percentile by Number Answered

Percent of People with Each Score

Your Score History

You have not taken this quiz